Sổ tay của cán bộ kinh tế ở các nông trang tập thể và nông trường quốc doanh

Đã lưu trong:
Sonraí Bibleagrafaíochta
Príomhúdar: Sổ tay của cán bộ kinh tế ở các nông trang tập thể và nông trường quốc doanh
Formáid: Leabhar
Teanga:Undetermined
Foilsithe: Hà Nội Nông nghiệp 1978
Ábhair:
Clibeanna: Cuir Clib Leis
Gan Chlibeanna, Bí ar an gcéad duine leis an taifead seo a chlibeáil!
Thư viện lưu trữ: Trung tâm Học liệu Trường Đại học Cần Thơ
LEADER 00822nam a2200181Ia 4500
001 CTU_12139
008 210402s9999 xx 000 0 und d
082 |a 630.68 
082 |b S450/T1 
100 |a Sổ tay của cán bộ kinh tế ở các nông trang tập thể và nông trường quốc doanh 
245 0 |a Sổ tay của cán bộ kinh tế ở các nông trang tập thể và nông trường quốc doanh 
245 0 |c Sổ tay của cán bộ kinh tế ở các nông trang tập thể và nông trường quốc doanh, Ngọc An, Hoàng Tuấn 
260 |a Hà Nội 
260 |b Nông nghiệp 
260 |c 1978 
650 |a farm management 
904 |i Minh, 961108 
980 |a Trung tâm Học liệu Trường Đại học Cần Thơ